000 01544nam a22004697a 4500
003 OSt
005 20230309145218.0
008 221006b |||||||| |||| 00| 0 eng d
040 _cBiblioteca Lado V
082 _a701.1
_bB167a
100 _9783
_aBaker, Elizabeth C.
_eeditora
245 _aArt in America/
260 _bWhitney Communications Corporation Magazine Division
_c2001
_aNew York
300 _c23x28cm
_a160p.
366 _eeng
490 _aFebrero
_v2001
505 _tFront Page
505 _tReview of Books
505 _tReview of Books
505 _tReport from Asia
505 _tFilm
505 _tAnnals of Sponsorship, I
505 _tAnnals of Sponsorshp, II
505 _tReport From London
505 _tLee Krasner: Front and Center
505 _tArmy of the Dolls
505 _tThe Plight of Matter
505 _tBaghdad on the Hoosic: American Orientalism
505 _tUgo Mulas: The New York Portraits
505 _tHeide Fasnacht: Exploded View
505 _tToledo's Metamorphoses
505 _tReview of Exhibitions
505 _tArtworld
505 _tReview of Exhibitions
650 _2Tesauro de Arte & Arquitectura
_aARTE
_9703
650 _2Tesauro de Arte & Arquitectura
_aCRITICA
650 _2Tesauro de Arte & Arquitectura
_aAPRECIACION
650 _2Tesauro de Arte & Arquitectura
_aCOLECCIONISMO
650 _2Tesauro de Arte & Arquitectura
_aARTE - USA
700 _aShanley, Paul
_epublicista
942 _2ddc
_c1
_h701.1
_iB167a
_n0
999 _c3184
_d3184